Piling and ground treatment : (Record no. 546583)
[ view plain ]
| 000 -LEADER | |
|---|---|
| fixed length control field | 00745nam a2200181 a 4500 |
| 020 ## - INTERNATIONAL STANDARD BOOK NUMBER | |
| International Standard Book Number | 0727701851 |
| 082 00 - DEWEY DECIMAL CLASSIFICATION NUMBER | |
| Classification number | 624.1/54 |
| Author Mark | PIL |
| -- | l-15.p-64 |
| 100 ## - MAIN ENTRY--PERSONAL NAME | |
| Personal name | PIL |
| 9 (RLIN) | 42736 |
| 245 10 - TITLE STATEMENT | |
| Title | Piling and ground treatment : |
| Remainder of title | proceedings of the International Conference on Advances in Piling and Ground Treatment for Foundations / |
| Statement of responsibility, etc. | organized by the Institution of Civil Engineers, and held in London on 2-4 March 1983. |
| 260 ## - PUBLICATION, DISTRIBUTION, ETC. | |
| Place of publication, distribution, etc. | London : |
| Name of publisher, distributor, etc. | T. Telford, |
| Date of publication, distribution, etc. | 1984. |
| 300 ## - PHYSICAL DESCRIPTION | |
| Extent | 297 p. : |
| Other physical details | ill. ; |
| Dimensions | 31 cm. |
| 526 ## - STUDY PROGRAM INFORMATION NOTE | |
| Program name | 0 |
| Interest level | 0 |
| Reading level | 0 |
| Title point value | 624_154000000000000_PIL |
| 650 #0 - SUBJECT ADDED ENTRY--TOPICAL TERM | |
| Topical term or geographic name entry element | MCE |
| 9 (RLIN) | 379 |
| 650 #0 - SUBJECT ADDED ENTRY--TOPICAL TERM | |
| Topical term or geographic name entry element | Piling AND GROUND TREATMENT |
| General subdivision | Congresses. |
| 9 (RLIN) | 42737 |
| 650 #0 - SUBJECT ADDED ENTRY--TOPICAL TERM | |
| General subdivision | Congresses. |
| 9 (RLIN) | 42738 |
| 710 2# - ADDED ENTRY--CORPORATE NAME | |
| Corporate name or jurisdiction name as entry element | Institution of Civil Engineers (Great Britain) |
| 9 (RLIN) | 25323 |
| 942 ## - ADDED ENTRY ELEMENTS (KOHA) | |
| Source of classification or shelving scheme | |
| Koha item type | Book |
| Withdrawn status | Lost status | Source of classification or shelving scheme | Damaged status | Not for loan | Permanent Location | Current Location | Date acquired | Total Checkouts | Full call number | Barcode | Date last seen | Price effective from | Koha item type |
|---|---|---|---|---|---|---|---|---|---|---|---|---|---|
| Military College of Engineering (MCE) | Military College of Engineering (MCE) | 06/13/2014 | 624.1/54 PIL | MCE-24303 | 06/13/2014 | 06/13/2014 | Book |
